000 00266nam a22001097a 4500
008 160419b xxu||||| |||| 00| 0 eng d
020 _a0471884464
041 _aeng
080 _a618.2
245 1 0 _aIndependent nursing interventions:
_cMariah Synder;
942 _2udc
_cBK
999 _c1429
_d1429